000 00816nam a2200229 i 4500
001 102394
003 ES-MaACL
005 20250610161239.0
007 t|
008 051110s1963 sp ||||1| spa d
100 1 _aMendizábal, Federico de.
_980208
245 1 0 _aMadrid, de capa y espada /
_cFederico de Mendizábal; prólogo de Tomás Borrás; ofrendas poéticas de Alfredo de Aixa, Tomás Preciado, Antonio García Copado y Manuel Vegas.
260 _aMadrid :
_bCol. Hispania,
_c1963.
300 _a152 p. ;
_c17 cm.
700 1 _aBorrás, Tomás,
_d1891-1976
_930556
700 1 _aAixa, Alfredo de.
_919006
700 1 _aPreciado, Tomás.
_993734
700 1 _aGarcía Copado, Antonio.
_954380
700 1 _aVegas, Manuel.
_9113642
852 _aES-MaACL
_jC-26507
_bR.54405
999 _c102394
_d102394